00458nam a2200109Ia 4500008004100000020002200041041001200063100008300075245013700158260003200295650002100327231221s9999 xx 000 0 und d a978-0-85729-913-0 aEnglish aSusanne Bødker, Niels Olof Bouvin, Volker Wulf, Luigina Ciolfi, Wayne Lutters 0aECSCW 2011: Proceedings of the 12th European Conference on Computer Supported Cooperative Work, 24-28 September 2011, Aarhus Denmark c2011bSpringer USaNew York aComputer Science